000 01500nac a22003011u 4500
008 100915t xxu||||| |||| 00| 0 eng d
010 _a2002026374
020 _a
020 _a9814126918
082 0 0 _a658.4038
_bTUR
100 _aTurban, Efraim.
_919152
245 1 0 _aIntroduction to Information Technology /
_cEfraim Turban, R. Kelly Rainer, Jr., Richard E. Potter.
246 3 0 _aInformation technology
250 _a2nd ed.
260 _aNew York :
_bJohn Wiley & Sons,
_cc2003.
300 _a1 v. (various pagings) :
_bill. (some col.) ;
_c27 cm. +
_e1 CD-ROM (4 3/4 in.)
504 _aIncludes bibliographical references and index.
650 0 _aInformation technology.
_919153
650 0 _aManagement information systems.
_919154
700 1 _aRainer, R. Kelly
_q(Rex Kelly)
_919155
700 1 _aPotter, Richard E.
_919156
856 4 2 _3Publisher description
_uhttp://www.loc.gov/catdir/description/wiley036/2002026374.html
856 4 2 _3Table of contents only
_uhttp://www.loc.gov/catdir/toc/wiley031/2002026374.html
856 4 2 _3Contributor biographical information
_uhttp://www.loc.gov/catdir/enhancements/fy0613/2002026374-b.html
942 _cBB
_k658.4038 TUR
_2ddc
999 _c689
_d689